| 000 | 01773nam a2200433 c 4500 | ||
|---|---|---|---|
| 999 |
_c47132 _d47132 |
||
| 001 | 47132 | ||
| 003 | ES-MaCES | ||
| 005 | 20180704112621.0 | ||
| 008 | 160223s2015 sp 100 | spa d | ||
| 017 |
_aAB 442-2015 _bDL |
||
| 020 | _a9788416608096 | ||
| 040 |
_aES-MaCES _bspa _cES-MaCES |
||
| 111 | 2 |
_939185 _aCongreso Universitario sobre Solución Autónoma de Conflictos Laborales _n1º _d2015 _cMadrid |
|
| 245 | 1 | 0 |
_aArbitraje, mediación y comisiones paritarias en la solución del conflicto de trabajo _cI Congreso Universitario sobre Solución Autónoma de Conflictos Laborales [organizado por la Fundación SIMA y la Universidad Complutense de Madrid (UCM), los días 25 y 26 de noviembre de 2015] ; coords., Joaquín García Murcia, Martín Borrego Gutiérrez |
| 250 | _a1ª ed | ||
| 260 |
_aAlbacete _bBomarzo _c2015 |
||
| 300 |
_a228 p. _c24 cm |
||
| 500 | _aIncluye (155-183 p.): V Acuerdo sobre solución autónoma de conflictos laborales (ASAC), Madrid, 7 de febrero de 2012 | ||
| 504 | _aBibliografía | ||
| 541 | _cGratuito | ||
| 650 | 4 |
_aconflicto de trabajo _928367 |
|
| 650 | 4 |
_aarreglo de conflicto _927305 |
|
| 650 | 4 |
_amediación _929897 |
|
| 650 | 4 |
_aarbitraje _927302 |
|
| 650 | 4 |
_acomisión _929195 |
|
| 650 | 4 |
_aconciliación _927303 |
|
| 650 | 4 |
_aconcertación social _930664 |
|
| 650 | 4 |
_aEspaña _926964 |
|
| 650 | 4 |
_aacuerdo económico _927961 |
|
| 650 | 4 |
_acampo de aplicación _930263 |
|
| 650 | 4 |
_930786 _abalance |
|
| 653 | 1 | 0 | _aRelaciones laborales-Empleo |
| 700 | 1 |
_912994 _aGarcía Murcia, Joaquín _ecoord. |
|
| 700 | 1 |
_936495 _aBorrego Gutiérrez, Martín _ecoord. |
|
| 710 | 2 |
_aFundación SIMA _93909 |
|
| 710 | 2 |
_aUniversidad Complutense de Madrid _95227 |
|
| 902 | _aLIB Libro | ||
| 942 |
_2CES _cBK _h2.0. |
||